Deployment of China-United States forces over Malaysia maritime zone implications towards Malaysia foreign policy
Saved in:
| Format: | Thesis Book |
|---|---|
| Language: | English |
| Published: |
Kuala Lumpur
Universiti Pertahanan Nasional Malaysia
2023
|
| Subjects: | |
| Tags: |
Add Tag
No Tags, Be the first to tag this record!
|
| Call Number : | DS 596.3 M434 2023 |
MARC
| LEADER | 00000nam a2200000 4500 | ||
|---|---|---|---|
| 001 | 96359 | ||
| 003 | MY-KLNDU | ||
| 005 | 20241220004626.0 | ||
| 008 | 240506 00 eng | ||
| 039 | 9 | |a 202411261559 |b azraai |c 202411261558 |d azraai |y 202405061159 |z hakim | |
| 040 | |a MY-KLNDU |b eng |c MY-KLNDU |e rda | ||
| 090 | |a DS 596.3 |b M434 2023 | ||
| 245 | 1 | 0 | |a Deployment of China-United States forces over Malaysia maritime zone |b implications towards Malaysia foreign policy |c Mohd Fahrur Redzuwan bin Mat Desa |
| 264 | 4 | |a Kuala Lumpur |b Universiti Pertahanan Nasional Malaysia |c 2023 | |
| 336 | |a text |2 rdacontent | ||
| 337 | |a unmediated |2 rdamedia | ||
| 338 | |a volume |2 rdacarrier | ||
| 400 | 0 | |a Mohd. Fahrur Redzuwan Mat Desa |e author | |
| 502 | |a Thesis (Executive Diploma in Strategic and Defence Studies) -- Universiti Pertahanan Nasional Malaysia, 2023 | ||
| 650 | |a Security, International |z Malaysia | ||
| 650 | |a Sea-power |z China | ||
| 650 | |a Sea-power |z United States | ||
| 651 | 0 | |a Malaysia |x Foreign relations | |
| 651 | 0 | |a China |x Military policy | |
| 651 | 0 | |a United States |x Military policy | |
| 651 | 0 | |a Malaysia |x Foreign relations |z United States | |
| 651 | 0 | |a Malaysia |x Foreign relations |z China | |
| 651 | 0 | |a China |x Foreign relations |z Malaysia | |
| 651 | 0 | |a United States |x Foreign relations |z Malaysia | |
| 999 | |a vtls000106760 |c 96359 |d 96359 | ||